Základní řešené úlohy z ekonomiky, organizace a plánování pro dálkové studium

Na minha lista:
Detalhes bibliográficos
Autor principal: Konečný, Miloš
Autor Corporativo: Vysoké učení technické v Brně
Formato: Livro
Idioma:tcheco
Publicado em: Praha Státní nakladatelství technické literatury 1982
Edição:3. nezměn. vyd.
Tags: Adicionar Tag
Sem tags, seja o primeiro a adicionar uma tag!

MARC

LEADER 00000nam a2200000 4500
001 c128949
005 20190423100711.8
041 0 |a cze 
044 |a CZ 
245 1 0 |a Základní řešené úlohy z ekonomiky, organizace a plánování pro dálkové studium  |c Miloš Konečný 
250 |a 3. nezměn. vyd. 
264 1 |a Praha  |b Státní nakladatelství technické literatury  |c 1982 
300 |a 108 s. 
100 1 |a Konečný, Miloš 
710 2 |a Vysoké učení technické v Brně